000 01930nam0a2200349 4500
001 RU\NLR\BIBL_A\022149375
005 20240411173758.0
010 _a978-5-7782-5066-6
_9100
021 _aRU
_bКН-П-24-002902
_9КН-П-24-0281
035 _a(NLR Aleph) 022149375
090 _a12888351
_c12888351
100 _a20240226d2023 u y0rusy50 ca
101 0 _arus
102 _aRU
105 _aа z 000yy
181 0 _ai
_baxxe
182 0 _an
200 1 _aУправление физической подготовкой на основе функциональных зависимостей (на примере спорта и физического воспитания)
_eмонография
_fА. П. Кизько, Е. А. Кизько
_gМинистерство науки и высшего образования Российской Федерации, Новосибирский государственный технический университет
203 _aТекст
_bвизуальный
_cнепосредственный
210 _aНовосибирск
_cИзд-во НГТУ
_d2023
215 _a569 с.
_cил.
_d22
300 _aНа 4-й с. обл. авт.: канд. пед. наук, доц., мастер спорта СССР А. П. Кизько, преподаватель Е. А. Кизько
606 1 _aСпортсмены
_xФизическая подготовка
_2nlr_sh1
_2nlr_sh2
_3RU\NLR\AUTH\661037325
606 1 _aСпортивная тренировка
_xБиологические основы
_2nlr_sh1
_2nlr_sh2
_3RU\NLR\AUTH\661116851
686 1 _aЧ511.511
686 1 _aЧ510.7
700 1 _aКизько
_bА. П.
_gАлександр Петрович
_3RU\NLR\AUTH\7780297
701 1 _aКизько
_bЕ. А.
_gЕлена Александровна
942 _cBOOK
980 _aNB